Géo 3: Pays à apprendre Click Map - Statistiques

Statistiques générales
  • Ce quiz a été pris 250 fois
    212 depuis la dernière actualisation
  • Le résultat moyen est 24 sur 30
Réponses sur la Carte
Les réponses sont colorées sur une échelle allant du rouge au vert en fonction du pourcentage des utilisateurs qui les ont devinées à leur premier essai. Vous pouvez retrouver ces pourcentages ci-dessous.
 
Statistiques - réponses
Réponse % Correct
Afrique du Sud
97%
Allemagne
88%
Etats-Unis
87%
Suisse
87%
Brésil
86%
Chine
86%
France
86%
Irlande
86%
Bahamas
85%
Inde
85%
Russie
85%
Japon
83%
Pays Bas
83%
Pologne
82%
Royaume-Uni
82%
Chypre
81%
Indonésie
81%
Maroc
81%
Nigéria
80%
Roumanie
80%
Luxembourg
79%
Qatar
75%
Ethiopie
74%
Turquie
74%
Bangladesh
72%
Israël
71%
Emirats Arabes Unis
68%
Vietnam
66%
Singapour
58%
Thaïlande
57%
Aucun quiz correspondant
Distribution des résultats
% des personnes avec chaque résultat
Percentile par nombre de réponses
Votre historique - résultats
Vous n’avez pas pris ce quiz depuis la dernière actualisation